|
|
|
|
| LEADER |
00000nam0a2200000 4500 |
| 001 |
117551 |
| 005 |
20231031123821.0 |
| 020 |
|
|
|a RU
|b 86-19398
|
| 035 |
|
|
|a (RuTPU)RU\TPU\book\127242
|
| 090 |
|
|
|a 117551
|
| 100 |
|
|
|a 20070604d1986 km a0rusy5003 ca
|
| 101 |
0 |
|
|a rus
|
| 102 |
|
|
|a RU
|
| 105 |
|
|
|a y z 000zy
|
| 200 |
1 |
|
|a Региональные проблемы социального развития
|f А. А. Анохин
|
| 210 |
|
|
|a Ленинград
|c Изд-во ЛГУ
|d 1986
|
| 215 |
|
|
|a 133 с.
|d 21 см
|
| 610 |
1 |
|
|a социальная география
|
| 610 |
1 |
|
|a региональные проблемы
|
| 610 |
1 |
|
|a теоретические вопросы
|
| 610 |
1 |
|
|a демография
|
| 610 |
1 |
|
|a территориальные различия
|
| 610 |
1 |
|
|a социально-экономические комплексы
|
| 675 |
|
|
|a 911.3
|z rus
|
| 700 |
|
1 |
|a Анохин
|b А. А.
|g Анатолий Александрович
|4 070
|
| 801 |
|
0 |
|a RU
|b RuMRKP
|c 19950704
|g psbo
|
| 801 |
|
1 |
|a RU
|b 63413507
|c 20070604
|g PSBO
|
| 801 |
|
2 |
|a RU
|b 63413507
|c 20081005
|g PSBO
|
| 942 |
|
|
|c BK
|